| Tag |
First Indicator |
Second Indicator |
Subfields |
| LEADER |
00000ctm a2200000Ia 4500 |
| 001 |
in00000092190 |
| 005 |
20220103135139.0 |
| 008 |
821023s1981 xx a bm 000 0 eng d |
| 035 |
|
|
|9 AAK7270AM
|
| 035 |
|
|
|a (OCoLC)08886507
|
| 035 |
|
|
|a (OCoLC)8886507
|
| 035 |
|
|
|a (OCoLC)ocm08886507
|
| 040 |
|
|
|a TXA
|b eng
|c TXA
|d OCLCQ
|d OCLCF
|d OCLCO
|d OCLCQ
|d UMI
|d TXA
|
| 049 |
|
|
|a TXAM
|
| 050 |
|
4 |
|a QP177
|b .W8 1981
|
| 100 |
1 |
|
|a Wolfenberger, Virginia Ann.
|
| 245 |
1 |
0 |
|a Oxygen consumption of the hermit crab Clibanarius vittatus (Decapoda: Anomura) and selected tissues as influenced by salinity, temperature, collection site and selenium.
|
| 264 |
|
1 |
|c 1981.
|
| 300 |
|
|
|a viii, 60 leaves :
|b illustrations ;
|c 29 cm
|
| 336 |
|
|
|a text
|b txt
|2 rdacontent
|
| 337 |
|
|
|a unmediated
|b n
|2 rdamedia
|
| 338 |
|
|
|a volume
|b nc
|2 rdacarrier
|
| 500 |
|
|
|a "Major subject: Biology."
|
| 500 |
|
|
|a Typescript (photocopy).
|
| 500 |
|
|
|a Vita.
|
| 502 |
|
|
|b Ph. D. in Philosophy
|c Texas A & M University
|d 1981
|
| 504 |
|
|
|a Includes bibliographical references (leaves 46-51).
|
| 520 |
3 |
|
|a The oxygen consumption of the hermit crab Clibanarius vittatus, and four of its tissues were measured under combinations of salinity: 10, 20, 30 and 40 parts per thousand, temperature: 16, 20 and 24(DEGREES)C, the presence or absence of selenium and two sites of collection of animals. The general trend of oxygen consumption was to increase with increasing temperature. The rate of oxygen consumption tended to decrease with increasing salinities. Selenium tended to depress the rate of oxygen consumption. Site of collection did not seem to be influential on the rate of oxygen consumption.
|
| 650 |
|
0 |
|a Hermit crabs.
|
| 650 |
|
0 |
|a Respiration.
|
| 650 |
|
0 |
|a Salinity
|x Physiological effect.
|
| 650 |
|
0 |
|a Selenium.
|
| 650 |
|
0 |
|a Temperature
|x Physiological effect.
|
| 650 |
|
0 |
|a Tissue respiration.
|
| 650 |
|
4 |
|a Biology
|
| 655 |
|
7 |
|a Academic theses
|2 lcgft
|
| 700 |
1 |
|
|a Jeffery, Lela,
|e degree committee member.
|
| 700 |
1 |
|
|a Krise, George,
|e degree committee member.
|
| 700 |
1 |
|
|a Neff, Jerry,
|e degree supervisor.
|
| 700 |
1 |
|
|a Sweet, Merrill,
|e degree committee member.
|
| 710 |
2 |
|
|a Texas A & M University,
|e degree granting institution.
|
| 856 |
4 |
1 |
|u http://proxy.library.tamu.edu/login?url=http://proquest.umi.com/pqdweb?did=749776831&sid=1&Fmt=2&clientId=2945&RQT=309&VName=PQD
|z Link to ProQuest Copy
|t 0
|
| 856 |
4 |
1 |
|u https://hdl.handle.net/1969.1/DISSERTATIONS-100722
|z Link to OAKTrust copy
|t 0
|
| 994 |
|
|
|a C0
|b TXA
|
| 999 |
f |
f |
|s 15eb932d-e04a-37fc-86d0-1581fa41c193
|i c61b32f8-6b9c-33b6-8d74-dbeffbc0f9f6
|t 0
|
| 952 |
f |
f |
|p normal
|a Texas A&M University
|b Galveston Campus
|c Jack K. Williams Library
|s galv stk
|d Galveston Stacks
|t 0
|e QP177 .W8 1981
|h Library of Congress classification
|i unmediated -- volume
|m 33620000852919
|
| 952 |
f |
f |
|p noncirc
|a Texas A&M University
|b J.J. Pickle Campus
|c High Density Repository
|s HDR
|d Remote Storage
|t 0
|e 1981 Dissertation W855
|h Other scheme
|i unmediated -- volume
|m A14841003983
|
| 952 |
f |
f |
|a Texas A&M University
|b College Station
|c Electronic Resources
|s www_evans
|d Available Online
|t 0
|e 1981 Dissertation W855
|h Other scheme
|
| 998 |
f |
f |
|a QP177 .W8 1981
|t 0
|l Galveston Stacks
|
| 998 |
f |
f |
|a 1981 Dissertation W855
|t 0
|l Available Online
|
| 998 |
f |
f |
|a 1981 Dissertation W855
|t 0
|l Remote Storage
|